| 000 | 00482nam a2200181Ia 4500 | ||
|---|---|---|---|
| 003 | OSt | ||
| 005 | 20260325154422.0 | ||
| 008 | 211028s2007 xx 000 0 und d | ||
| 040 | _cAIMIT LIBRARY | ||
| 041 | _aeng | ||
| 082 | _a658.15 DSOP | ||
| 100 |
_aDsouza, Prashanth;Kamath, Ramesh. _g50971360 _95761 |
||
| 245 | _aTrends in Indian and chinese stock markets / | ||
| 260 |
_bKamath, Ramesh _c2007 |
||
| 600 |
_aFinance _95762 |
||
| 650 |
_aFinance _95763 |
||
| 942 |
_2ddc _cPRO |
||
| 999 |
_c218012 _d218012 |
||